All Playable Characters in Super Smash Bros. (1999) - Statistics

Estatísticas Gerais
  • Esse quiz foi jogado 11 vezes
  • A pontuação média é 8 de 12
Estatísticas das Respostas
Hint Resposta % Correto
Unlockable Luigi
100%
Unlocked Mario
100%
Unlocked Donkey Kong
88%
Unlocked Yoshi
88%
Unlocked Kirby
75%
Unlocked Link
75%
Unlocked Pikachu
63%
Unlocked Samus
63%
Unlockable Captain Falcon
50%
Unlockable Jigglypuff
50%
Unlocked Fox
38%
Unlockable Ness
38%
Nenhum quiz correspondente encontrado
Distribuição das Pontuações
Porcentagem de Pessoas com Cada Pontuação
Percentil de Números Respondidos
Sua Pontuação Histórica
Você não jogou esse quiz